[Event "AUT-chT2O 1819"]
[Site "Austria"]
[Date "2018.11.04"]
[Round "4.4"]
[White "Todor, Razvan"]
[Black "Kuntner, Reinhard1111"]
[Result "1/2-1/2"]
[WhiteElo "2178"]
[BlackElo "2024"]
[PlyCount "31"]
[EventDate "2018.10.06"]
[EventType "team-tourn"]
[EventRounds "11"]
[EventCountry "AUT"]
[SourceTitle "CBM 187 Extra"]
[Source "ChessBase"]
[SourceDate "2018.11.04"]
[SourceVersion "1"]
[SourceVersionDate "2018.11.04"]
[SourceQuality "1"]
[WhiteTeam "Hietzing"]
[BlackTeam "Nickelsdorf Blackburne"]
[WhiteTeamCountry "AUT"]
[BlackTeamCountry "AUT"]

1. e4 Nf6 2. e5 Nd5 3. d4 d6 4. Nf3 Bg4 5. Be2 e6 6. 0-0 Be7 7. c4 Nb6 8. exd6 cxd6 9. Be3 0-0 10. Nc3 Nc6 11. d5 Bxf3 12. Bxf3 Ne5 13. b3 Nxf3+ 14. Qxf3 e5 15. Rad1 f5 16. c5 1/2-1/2

[Event "AUT-chT2O 1718"]
[Site "Austria"]
[Date "2018.01.13"]
[Round "6.3"]
[White "Todor, Razvan"]
[Black "Wilke, Werner"]
[Result "1/2-1/2"]
[WhiteElo "2161"]
[BlackElo "2214"]
[PlyCount "110"]
[EventDate "2017.10.21"]
[EventType "team-tourn"]
[EventRounds "11"]
[EventCountry "AUT"]
[SourceTitle "EXT 2019"]
[Source "ChessBase"]
[SourceDate "2018.10.10"]
[SourceVersion "1"]
[SourceVersionDate "2018.10.10"]
[SourceQuality "1"]
[WhiteTeam "Hietzing"]
[BlackTeam "Bad Voeslau"]
[WhiteTeamCountry "AUT"]
[BlackTeamCountry "AUT"]

1. e4 c5 2. Nf3 d6 3. Bb5+ Nc6 4. 0-0 Bg4 5. h3 Bh5 6. Re1 e5 7. c3 Qb6 8. Na3 a6 9. Be2 Be7 10. Nc4 Qc7 11. Ne3 Nf6 12. Nd5 Nxd5 13. exd5 Nb8 14. d4 Bxf3 15. Bxf3 0-0 16. dxe5 dxe5 17. d6 Bxd6 18. Bxb7 Ra7 19. Bd5 Nd7 20. Be3 Nf6 21. Bc4 Rd8 22. Qe2 Qb6 23. Rad1 a5 24. Bg5 Bb8 25. Bb5 Rb7 26. a4 h6 27. Rxd8+ Qxd8 28. Rd1 Qe7 29. Bh4 Rb6 30. Rd7 Qe6 31. Rd8+ Kh7 32. Bc4 Qe7 33. Bd3+ g6 34. Rc8 Qb7 35. Rxc5 Rxb2 36. Rb5 Rxb5 37. Bxb5 Nd5 38. Qf3 f5 39. c4 e4 40. Qd1 Nc3 41. Qd8 g5 42. Bg3 f4 43. Bh2 Nxb5 44. cxb5 Qc7 45. Qd1 Qd6 46. Qb3 Qc7 47. Kh1 Ba7 48. Bg1 Qe7 49. b6 Bb8 50. Qd5 Qe5 51. Qf7+ Kh8 52. Qg6 e3 53. Qxh6+ Kg8 54. Qg6+ Kf8 55. Qh6+ Kg8 1/2-1/2

[Event "AUT-chT2O 1516"]
[Site "Austria"]
[Date "2016.02.20"]
[Round "5.6"]
[White "Matt, Fabian"]
[Black "Todor, Razvan"]
[Result "1-0"]
[WhiteElo "2276"]
[BlackElo "2153"]
[PlyCount "61"]
[EventDate "2015.10.17"]
[EventType "team-tourn"]
[EventRounds "11"]
[EventCountry "AUT"]
[SourceTitle "EXT 2017"]
[Source "ChessBase"]
[SourceDate "2016.10.25"]
[SourceVersion "1"]
[SourceVersionDate "2016.10.25"]
[SourceQuality "1"]
[WhiteTeam "Tschaturanga"]
[BlackTeam "Hietzing"]
[WhiteTeamCountry "AUT"]
[BlackTeamCountry "AUT"]

1. Nf3 Nc6 2. d4 d5 3. Bf4 Bg4 4. e3 e6 5. c3 Bd6 6. Bg3 Nge7 7. Bd3 Ng6 8. Nbd2 0-0 9. Qc2 Re8 10. Ne5 Bxe5 11. dxe5 Ncxe5 12. Bxe5 Nxe5 13. Bxh7+ Kh8 14. Bd3 c6 15. 0-0 Nxd3 16. Qxd3 e5 17. e4 dxe4 18. Qxe4 Qxd2 19. Qxg4 Qxb2 20. Rab1 Qxa2 21. Rxb7 Kg8 22. h4 Qe6 23. Qa4 Qf6 24. Re1 a5 25. Rc7 Re6 26. Qe4 a4 27. Ra1 a3 28. Rxa3 Qd8 29. Qf5 Qd1+ 30. Kh2 Rf8 31. Ra8 1-0

[Event "SVK-chT2A 1415"]
[Site "Slovakia"]
[Date "2014.12.06"]
[Round "5.3"]
[White "Todor, Razvan"]
[Black "Veselsky, Jozef"]
[Result "0-1"]
[WhiteElo "2151"]
[BlackElo "2133"]
[PlyCount "53"]
[EventDate "2014.10.11"]
[EventType "team-tourn"]
[EventRounds "11"]
[EventCountry "SVK"]
[SourceTitle "EXT 2016"]
[Source "ChessBase"]
[SourceDate "2015.10.08"]
[SourceVersion "1"]
[SourceVersionDate "2015.10.08"]
[SourceQuality "1"]
[WhiteTeam "Bratislava Doprastav II"]
[BlackTeam "Potonska Veza"]
[WhiteTeamCountry "SVK"]
[BlackTeamCountry "SVK"]

1. e4 c5 2. b3 Nc6 3. Bb2 d6 4. Nf3 Nf6 5. Nc3 g6 6. Nd5 Bg7 7. Nxf6+ exf6 8. Bb5 0-0 9. 0-0 Bg4 10. h3 Bxf3 11. Qxf3 Nd4 12. Qd3 f5 13. exf5 a6 14. Bxd4 cxd4 15. fxg6 hxg6 16. Bc4 b5 17. Bxb5 axb5 18. Qxb5 Qc8 19. Qd3 Ra3 20. c3 dxc3 21. dxc3 Qxc3 22. Qxd6 Qa5 23. b4 Qa8 24. Rac1 Rxa2 25. Rfd1 Rb2 26. Qf4 Qb8 27. Rc4 0-1

[Event "SVK-chT1W 1314"]
[Site "Slovakia"]
[Date "2014.03.02"]
[Round "9.2"]
[White "Todor, Razvan"]
[Black "Kalisky, Vladimir"]
[Result "0-1"]
[WhiteElo "2161"]
[BlackElo "2186"]
[PlyCount "140"]
[EventDate "2013.10.12"]
[EventType "team-tourn"]
[EventRounds "11"]
[EventCountry "SVK"]
[SourceTitle "EXT 2015"]
[Source "ChessBase"]
[SourceDate "2014.11.20"]
[SourceVersion "1"]
[SourceVersionDate "2014.11.20"]
[SourceQuality "1"]
[WhiteTeam "Bratislava Doprastav II"]
[BlackTeam "Levice"]
[WhiteTeamCountry "SVK"]
[BlackTeamCountry "SVK"]

1. e4 e5 2. Bc4 Nf6 3. d3 Bc5 4. Nf3 d6 5. c3 a6 6. Bb3 Nc6 7. 0-0 0-0 8. h3 Ba7 9. Re1 Ne7 10. d4 Ng6 11. Nbd2 h6 12. Nf1 Bd7 13. Ng3 Re8 14. Be3 Be6 15. dxe5 dxe5 16. Bxa7 Rxa7 17. Qe2 Qe7 18. Qe3 Raa8 19. Nh2 Rad8 20. Rad1 Rxd1 21. Rxd1 Rd8 22. Nf5 Rxd1+ 23. Bxd1 Qd8 24. Bc2 b6 25. Nf1 a5 26. Qd2 Qxd2 27. Nxd2 Kf8 28. f3 Ne7 29. Ne3 Nh5 30. Kf2 Nf4 31. a4 Bd7 32. Ndc4 f6 33. b4 axb4 34. cxb4 Nc6 35. b5 Nd4 36. Bb1 Ke7 37. Nc2 Nxc2 38. Bxc2 Bc8 39. h4 Be6 40. Ne3 Kd6 41. g3 Ng6 42. Nf5+ Bxf5 43. exf5 Ne7 44. Ke3 Kc5 45. f4 Nd5+ 46. Ke4 exf4 47. g4 Ne3 48. Bb1 Nxg4 49. Kxf4 Ne5 50. Ke4 Nf7 51. Bc2 Nd6+ 52. Kf4 Kd4 53. Bd1 Ne4 54. Bc2 Nc5 55. Kg4 Nd7 56. Kf4 Kc3 57. Bd1 Ne5 58. Ke4 Kc4 59. Be2+ Kc5 60. Bd1 g5 61. fxg6 Nxg6 62. h5 Ne7 63. Kf4 Kd5 64. Bb3+ Kd4 65. Bd1 Nd5+ 66. Kg3 Ke5 67. Bb3 f5 68. Kf3 Nf6 69. Kf2 Ne4+ 70. Kg2 Nc3 0-1

[Event "SVK-chT1W 1314"]
[Site "Slovakia"]
[Date "2013.12.15"]
[Round "6.2"]
[White "Banas, Kamil"]
[Black "Todor, Razvan"]
[Result "1-0"]
[WhiteElo "2221"]
[BlackElo "2161"]
[PlyCount "145"]
[EventDate "2013.10.12"]
[EventType "team-tourn"]
[EventRounds "11"]
[EventCountry "SVK"]
[SourceTitle "EXT 2015"]
[Source "ChessBase"]
[SourceDate "2014.11.20"]
[SourceVersion "1"]
[SourceVersionDate "2014.11.20"]
[SourceQuality "1"]
[WhiteTeam "Modra"]
[BlackTeam "Bratislava Doprastav II"]
[WhiteTeamCountry "SVK"]
[BlackTeamCountry "SVK"]

1. e4 d5 2. exd5 Qxd5 3. Nc3 Qd6 4. Nf3 Nf6 5. d4 a6 6. g3 b5 7. Bg2 Bb7 8. 0-0 e6 9. Bf4 Qd8 10. Qe2 Be7 11. Rad1 0-0 12. Ne5 Nd5 13. Nxd5 Bxd5 14. b3 b4 15. Rd3 a5 16. Rfd1 Ra6 17. c4 bxc3 18. Rxc3 Bb4 19. Rc2 a4 20. Nd3 Bd6 21. Bxd5 exd5 22. Bxd6 Qxd6 23. Nc5 axb3 24. Nxb3 Ra3 25. Rdc1 c6 26. Qe1 Ra4 27. Re2 h6 28. Qc3 Qa3 29. Rce1 Rc4 30. Qd2 Nd7 31. Re3 Qa4 32. h4 Nf6 33. f3 Ra8 34. R1e2 h5 35. Re7 Ra7 36. Re8+ Kh7 37. Rb8 Ra8 38. Rxa8 Qxa8 39. Na5 Rxd4 40. Qxd4 Qxa5 41. Qd2 Qc7 42. Kg2 c5 43. a4 c4 44. a5 d4 45. Qxd4 Qxa5 46. Qxc4 Qa7 47. Rc2 Qd7 48. Qc7 Qd5 49. Rb2 Qe6 50. Qc2+ Kg8 51. Rb8+ Ne8 52. Qb2 Kh7 53. Qb1+ g6 54. Qb2 Ng7 55. Ra8 Ne8 56. Qa2 Qxa2+ 57. Rxa2 Nf6 58. Kf2 Kg7 59. Ke3 Nd5+ 60. Kd4 Nf6 61. Ra7 Kf8 62. Ke5 Kg7 63. Rb7 Ng8 64. g4 hxg4 65. fxg4 Nh6 66. Kf4 Kg8 67. g5 Nf5 68. h5 Ng7 69. hxg6 fxg6 70. Ke5 Ne8 71. Rb8 Kf7 72. Rxe8 Kxe8 73. Kf6 1-0

[Event "SVK-chT1W 1314"]
[Site "Slovakia"]
[Date "2013.12.14"]
[Round "5.1"]
[White "Todor, Razvan"]
[Black "Zetocha, Claudiu"]
[Result "1/2-1/2"]
[WhiteElo "2161"]
[BlackElo "2363"]
[PlyCount "57"]
[EventDate "2013.10.12"]
[EventType "team-tourn"]
[EventRounds "11"]
[EventCountry "SVK"]
[SourceTitle "EXT 2015"]
[Source "ChessBase"]
[SourceDate "2014.11.20"]
[SourceVersion "1"]
[SourceVersionDate "2014.11.20"]
[SourceQuality "1"]
[WhiteTeam "Bratislava Doprastav II"]
[BlackTeam "Bratislava Slovan III"]
[WhiteTeamCountry "SVK"]
[BlackTeamCountry "SVK"]

1. e4 c5 2. Nf3 e6 3. c3 d5 4. exd5 Qxd5 5. Na3 Nf6 6. d4 cxd4 7. Nb5 Qd8 8. Nbxd4 Be7 9. Be2 0-0 10. 0-0 a6 11. a4 Qc7 12. Qc2 g6 13. Bg5 e5 14. Nb3 Bf5 15. Qc1 Be6 16. Nbd2 Re8 17. Re1 Nbd7 18. Bh4 Bd6 19. Bf1 Nh5 20. Ne4 Bf8 21. Ng3 Nxg3 22. Bxg3 f6 23. Qc2 Qc6 24. h4 Nc5 25. b4 Nd7 26. b5 Qc5 27. h5 Bf7 28. Rad1 Nb6 29. hxg6 1/2-1/2

[Event "AUT-chT2O 1314"]
[Site "Austria"]
[Date "2013.11.24"]
[Round "4.3"]
[White "Todor, Razvan"]
[Black "Danner, Georg"]
[Result "0-1"]
[WhiteElo "2161"]
[BlackElo "2316"]
[PlyCount "90"]
[EventDate "2013.10.05"]
[EventType "team-tourn"]
[EventRounds "11"]
[EventCountry "AUT"]
[SourceTitle "CBM 157 Extra"]
[Source "ChessBase"]
[SourceDate "2013.12.19"]
[SourceVersion "1"]
[SourceVersionDate "2013.12.19"]
[SourceQuality "1"]
[WhiteTeam "Waehring"]
[BlackTeam "Ternitz"]
[WhiteTeamCountry "AUT"]
[BlackTeamCountry "AUT"]

1. e4 c5 2. Nf3 d6 3. Bb5+ Bd7 4. Bxd7+ Nxd7 5. 0-0 g6 6. c4 Ne5 7. d3 Bg7 8. Nc3 e6 9. Be3 Nxf3+ 10. Qxf3 Ne7 11. Bg5 0-0 12. Bf6 Bxf6 13. Qxf6 Nc6 14. Qxd8 Rfxd8 15. Rfd1 a6 16. a3 Rab8 17. Rab1 b5 18. cxb5 axb5 19. b4 cxb4 20. axb4 Nd4 21. Kf1 Ra8 22. Ne2 Nxe2 23. Kxe2 d5 24. Ra1 Rxa1 25. Rxa1 dxe4 26. dxe4 Rd4 27. f3 Rxb4 28. Ra2 h5 29. Kd3 Kg7 30. Kc3 Rb1 31. Kc2 Rg1 32. Kd3 h4 33. Rb2 h3 34. gxh3 Rg5 35. f4 Rh5 36. e5 Rxh3+ 37. Ke4 Rh4 38. Kf3 g5 39. fxg5 b4 40. Kg3 Re4 41. h4 Kg6 42. Rh2 Kh5 43. Rf2 Rg4+ 44. Kf3 b3 45. Ke3 Rb4 0-1

[Event "Vienna Tschaturanga op"]
[Site "Vienna"]
[Date "2013.05.12"]
[Round "7"]
[White "Marjanovic, Slavko"]
[Black "Todor, Razvan"]
[Result "0-1"]
[WhiteElo "1947"]
[BlackElo "2189"]
[PlyCount "60"]
[EventDate "2013.05.06"]
[EventType "swiss"]
[EventRounds "7"]
[EventCountry "AUT"]
[SourceTitle "CBM 154 Extra"]
[Source "ChessBase"]
[SourceDate "2013.06.25"]
[SourceVersion "2"]
[SourceVersionDate "2013.06.25"]
[SourceQuality "1"]

1. d4 Nf6 2. c4 g6 3. Nc3 d5 4. cxd5 Nxd5 5. g3 Bg7 6. Bg2 Nb6 7. e3 0-0 8. Nf3 Na6 9. 0-0 c5 10. Qe2 Be6 11. Rd1 Qc8 12. e4 Bc4 13. Qc2 Nb4 14. Qb1 cxd4 15. Nxd4 Rd8 16. Be3 Bd3 17. Qc1 Bxd4 18. Bxd4 Rxd4 19. a3 Nc6 20. Nd5 e6 21. Nf6+ Kg7 22. Ng4 Qd8 23. Qh6+ Kg8 24. f4 Be2 25. Rxd4 Qxd4+ 26. Nf2 Qg7 27. Qh4 f6 28. Re1 Nd4 29. e5 fxe5 30. Ne4 Nd5 0-1

[Event "Vienna Tschaturanga op"]
[Site "Vienna"]
[Date "2013.05.11"]
[Round "6"]
[White "Todor, Razvan"]
[Black "Mayer, Peter"]
[Result "0-1"]
[WhiteElo "2189"]
[BlackElo "1980"]
[PlyCount "54"]
[EventDate "2013.05.06"]
[EventType "swiss"]
[EventRounds "7"]
[EventCountry "AUT"]
[SourceTitle "CBM 154 Extra"]
[Source "ChessBase"]
[SourceDate "2013.06.25"]
[SourceVersion "2"]
[SourceVersionDate "2013.06.25"]
[SourceQuality "1"]

1. Nf3 d6 2. d4 Bg4 3. e4 e6 4. Nc3 Nf6 5. Be3 d5 6. Qd3 Bxf3 7. gxf3 c6 8. h4 g6 9. Be2 h6 10. a3 Qc7 11. e5 Ng8 12. f4 h5 13. 0-0-0 Ne7 14. Bf1 Nf5 15. Bh3 Qd7 16. Ne2 Na6 17. Ng3 Nc7 18. Qb3 0-0-0 19. Rd3 Kb8 20. Bf1 Be7 21. Nxf5 exf5 22. a4 Ne6 23. a5 c5 24. dxc5 d4 25. Qc4 Qc6 26. Rg1 dxe3 27. Bg2 exf2 0-1

[Event "Vienna Tschaturanga op"]
[Site "Vienna"]
[Date "2013.05.10"]
[Round "5"]
[White "Beckhuis, Gernod"]
[Black "Todor, Razvan"]
[Result "1-0"]
[WhiteElo "2294"]
[BlackElo "2189"]
[PlyCount "79"]
[EventDate "2013.05.06"]
[EventType "swiss"]
[EventRounds "7"]
[EventCountry "AUT"]
[SourceTitle "CBM 154 Extra"]
[Source "ChessBase"]
[SourceDate "2013.06.25"]
[SourceVersion "2"]
[SourceVersionDate "2013.06.25"]
[SourceQuality "1"]

1. Nf3 Nf6 2. c4 e6 3. g3 b6 4. Bg2 Bb7 5. d4 c5 6. d5 exd5 7. Nh4 g6 8. Nc3 Bg7 9. Nxd5 Nxd5 10. Bxd5 Bxd5 11. Qxd5 Nc6 12. Bg5 Bf6 13. Qe4+ Qe7 14. Qxe7+ Bxe7 15. Bxe7 Kxe7 16. 0-0-0 Rhd8 17. e4 Nd4 18. Rd3 a6 19. Nf3 Nc6 20. Kb1 d6 21. Rc1 f6 22. Nd2 b5 23. f4 Rab8 24. Ra3 Rb6 25. Nf1 Ke6 26. Ne3 Ne7 27. cxb5 axb5 28. Ra7 Rdb8 29. f5+ gxf5 30. exf5+ Nxf5 31. Nxf5 Kxf5 32. Rxh7 Ra8 33. Rc2 c4 34. Rh5+ Ke4 35. Re2+ Kd3 36. Re6 c3 37. Rd5+ Kc4 38. Rdxd6 Rxd6 39. Rxd6 cxb2 40. Rxf6 1-0

[Event "SVK-chT2A 1213"]
[Site "Slovakia"]
[Date "2013.03.17"]
[Round "11.3"]
[White "Todor, Razvan"]
[Black "Federic, Pavol"]
[Result "0-1"]
[WhiteElo "2202"]
[BlackElo "2192"]
[PlyCount "70"]
[EventDate "2012.10.13"]
[EventType "team-tourn"]
[EventRounds "11"]
[EventCountry "SVK"]
[SourceTitle "EXT 2015"]
[Source "ChessBase"]
[SourceDate "2014.11.20"]
[SourceVersion "1"]
[SourceVersionDate "2014.11.20"]
[SourceQuality "1"]
[WhiteTeam "Bratislava Doprastav III"]
[BlackTeam "Modra II"]
[WhiteTeamCountry "SVK"]
[BlackTeamCountry "SVK"]

1. c4 c5 2. g3 Nc6 3. Bg2 g6 4. Nc3 Bg7 5. Nf3 f5 6. d3 Nf6 7. d4 cxd4 8. Nxd4 0-0 9. Nb3 d6 10. 0-0 Be6 11. Nd5 Rc8 12. c5 Ne4 13. Nf4 Bf7 14. cxd6 exd6 15. Nd3 a5 16. Nd2 d5 17. Nf3 Re8 18. h4 h6 19. Bh3 Qb6 20. Be3 Qa6 21. h5 Nxg3 22. hxg6 Bxg6 23. fxg3 Rxe3 24. Nf4 Ne5 25. Nxd5 Nxf3+ 26. Rxf3 Rxe2 27. Bf1 Rce8 28. Bxe2 Rxe2 29. Rf2 Re4 30. Rc1 Bd4 31. Rc8+ Kg7 32. Rc7+ Bf7 33. Qh5 Bxf2+ 34. Kxf2 Qe6 35. Nc3 Qb6+ 0-1

[Event "SVK-chT1W 1213"]
[Site "Slovakia"]
[Date "2012.12.08"]
[Round "3.4"]
[White "Todor, Razvan"]
[Black "Chlpik, Martin"]
[Result "1-0"]
[WhiteElo "2202"]
[BlackElo "2099"]
[PlyCount "93"]
[EventDate "2012.10.20"]
[EventType "team-tourn"]
[EventRounds "11"]
[EventCountry "SVK"]
[SourceTitle "EXT 2014"]
[Source "ChessBase"]
[SourceDate "2013.11.20"]
[SourceVersion "1"]
[SourceVersionDate "2013.11.20"]
[SourceQuality "1"]
[WhiteTeam "Bratislava Doprastav II"]
[BlackTeam "Levice"]
[WhiteTeamCountry "SVK"]
[BlackTeamCountry "SVK"]

1. c4 Nf6 2. g3 e5 3. Bg2 d5 4. cxd5 Nxd5 5. Nc3 Nb6 6. Nf3 Nc6 7. 0-0 Be7 8. a3 a5 9. d3 0-0 10. Be3 Be6 11. Na4 Nd5 12. Bc5 f6 13. Rc1 Bf7 14. d4 e4 15. Nh4 Be6 16. Bxe7 Ndxe7 17. Bxe4 Nxd4 18. Nc5 Bh3 19. e3 Bxf1 20. Qxf1 Ndc6 21. Qc4+ Kh8 22. Ne6 Qd6 23. Nxf8 Rxf8 24. Qb5 Qd2 25. Rf1 Rb8 26. Nf5 Qd8 27. Nxe7 Nxe7 28. Qxa5 c6 29. Qh5 g6 30. Qc5 Qc7 31. Rd1 Rd8 32. Rd4 Kg7 33. b4 Rxd4 34. exd4 Qd7 35. a4 Nc8 36. d5 Qe8 37. Bf3 cxd5 38. Qc7+ Kh6 39. Qxb7 d4 40. Qd5 Qe1+ 41. Kg2 Qxb4 42. a5 Na7 43. Qf7 Qxa5 44. Qf8+ Kg5 45. h4+ Kf5 46. g4+ Ke5 47. Qe7+ 1-0

[Event "AUT-chT2O 1112"]
[Site "Austria"]
[Date "2012.03.04"]
[Round "7.4"]
[White "Kreindl, Helmut"]
[Black "Todor, Razvan"]
[Result "1/2-1/2"]
[WhiteElo "2201"]
[BlackElo "2199"]
[PlyCount "38"]
[EventDate "2011.10.15"]
[EventType "team-tourn"]
[EventRounds "11"]
[EventCountry "AUT"]
[SourceTitle "EXT 2013"]
[Source "ChessBase"]
[SourceDate "2012.11.22"]
[SourceVersion "1"]
[SourceVersionDate "2012.11.22"]
[SourceQuality "1"]
[WhiteTeam "Tschaturanga"]
[BlackTeam "Waehring"]
[WhiteTeamCountry "AUT"]
[BlackTeamCountry "AUT"]

1. d4 e6 2. Nf3 b6 3. Bf4 Bb7 4. e3 Nf6 5. h3 Be7 6. Be2 0-0 7. 0-0 d6 8. a4 Nbd7 9. a5 a6 10. axb6 cxb6 11. Nbd2 b5 12. Nb3 Rc8 13. Na5 Bd5 14. Nd2 Nb6 15. b3 Rc3 16. Nb1 Rc7 17. Nd2 Rc3 18. Nb1 Rc7 19. Nd2 Rc3 1/2-1/2

[Event "SVK-chT2A 1112"]
[Site "Slovakia"]
[Date "2012.01.07"]
[Round "7.2"]
[White "Todor, Razvan"]
[Black "Tepper, Frantisek"]
[Result "1/2-1/2"]
[WhiteElo "2199"]
[BlackElo "2163"]
[PlyCount "28"]
[EventDate "2011.10.08"]
[EventType "team-tourn"]
[EventRounds "11"]
[EventCountry "SVK"]
[SourceTitle "EXT 2013"]
[Source "ChessBase"]
[SourceDate "2012.11.22"]
[SourceVersion "1"]
[SourceVersionDate "2012.11.22"]
[SourceQuality "1"]
[WhiteTeam "Bratislava Doprastav III"]
[BlackTeam "Bratislava Doprastav"]
[WhiteTeamCountry "SVK"]
[BlackTeamCountry "SVK"]

1. c4 Nf6 2. g3 e5 3. Bg2 c6 4. d4 d6 5. Nf3 e4 6. Nfd2 d5 7. f3 e3 8. Nf1 Bb4+ 9. Nc3 Qa5 10. Qd3 dxc4 11. Qxe3+ Be6 12. Bd2 0-0 13. a3 Nd5 14. Nxd5 Bxd2+ 1/2-1/2

[Event "SVK-chT2A 1112"]
[Site "Slovakia"]
[Date "2011.10.09"]
[Round "2.2"]
[White "Bury, Rastislav"]
[Black "Todor, Razvan"]
[Result "1/2-1/2"]
[WhiteElo "2173"]
[BlackElo "2199"]
[PlyCount "53"]
[EventDate "2011.10.08"]
[EventType "team-tourn"]
[EventRounds "11"]
[EventCountry "SVK"]
[SourceTitle "EXT 2013"]
[Source "ChessBase"]
[SourceDate "2012.11.22"]
[SourceVersion "1"]
[SourceVersionDate "2012.11.22"]
[SourceQuality "1"]
[WhiteTeam "Osuske II"]
[BlackTeam "Bratislava Doprastav III"]
[WhiteTeamCountry "SVK"]
[BlackTeamCountry "SVK"]

1. Nf3 c5 2. g3 Nc6 3. d4 cxd4 4. Nxd4 g6 5. Bg2 Bg7 6. c3 Qb6 7. Nb3 d6 8. Be3 Qc7 9. Na3 Bd7 10. 0-0 Nf6 11. Qd2 Ng4 12. Bf4 Qc8 13. h3 Nge5 14. Bh6 Bxh6 15. Qxh6 f6 16. Kh2 Nf7 17. Qd2 0-0 18. Rad1 Rb8 19. Qe3 Re8 20. Nd4 a6 21. Nac2 Nce5 22. Nb4 Nc4 23. Qc1 e5 24. Ndc2 b5 25. Nd5 Kg7 26. Nce3 Be6 27. b3 1/2-1/2

[Event "AUT-chT2O 1011"]
[Site "Austria"]
[Date "2011.01.29"]
[Round "8.5"]
[White "Todor, Razvan"]
[Black "Ragger, Anna Christina"]
[Result "0-1"]
[WhiteElo "2221"]
[BlackElo "2210"]
[PlyCount "54"]
[EventDate "2010.10.02"]
[EventType "team-tourn"]
[EventRounds "11"]
[EventCountry "AUT"]
[SourceTitle "EXT 2012"]
[Source "ChessBase"]
[SourceDate "2011.11.24"]
[SourceVersion "1"]
[SourceVersionDate "2011.11.24"]
[SourceQuality "1"]
[WhiteTeam "Wiener Neustadt"]
[BlackTeam "Wulkaprodersdorf"]
[WhiteTeamCountry "AUT"]
[BlackTeamCountry "AUT"]

1. c4 c5 2. Nc3 Nf6 3. g3 e6 4. Bg2 d5 5. cxd5 exd5 6. d4 cxd4 7. Qxd4 Nc6 8. Qd1 d4 9. Ne4 Bf5 10. Nxf6+ Qxf6 11. Nf3 Bb4+ 12. Bd2 0-0 13. 0-0 d3 14. a3 Bxd2 15. Qxd2 dxe2 16. Qxe2 Rfe8 17. Qb5 Be4 18. Qb3 Na5 19. Qb4 b6 20. Qd4 Qc6 21. Rac1 Qb7 22. Rc3 Nc6 23. Qc4 Ne5 24. Nxe5 Bxg2 25. Nxf7 Bxf1 26. Nh6+ Kh8 27. Nf7+ Qxf7 0-1

[Event "AUT-chT2O 1011"]
[Site "Austria"]
[Date "2010.11.01"]
[Round "5.4"]
[White "Pisk, Petr"]
[Black "Todor, Razvan"]
[Result "1-0"]
[WhiteElo "2313"]
[BlackElo "2221"]
[PlyCount "43"]
[EventDate "2010.10.02"]
[EventType "team-tourn"]
[EventRounds "11"]
[EventCountry "AUT"]
[SourceTitle "EXT 2011"]
[Source "ChessBase"]
[SourceDate "2010.11.26"]
[SourceVersion "1"]
[SourceVersionDate "2010.11.26"]
[SourceQuality "1"]
[WhiteTeam "Zwettl"]
[BlackTeam "Wiener Neustadt"]
[WhiteTeamCountry "AUT"]
[BlackTeamCountry "AUT"]

1. c4 c5 2. Nf3 Nc6 3. g3 Nf6 4. Bg2 d5 5. cxd5 Nxd5 6. d4 e6 7. 0-0 Be7 8. Nc3 Nc7 9. dxc5 Qxd1 10. Rxd1 Bxc5 11. Bf4 Na6 12. a3 Be7 13. b4 Ncb8 14. Nb5 Nd7 15. Rac1 Bf6 16. Nxa7 Ke7 17. Bd6+ Kd8 18. Nxc8 Rxc8 19. Rxc8+ Kxc8 20. Rc1+ Kd8 21. b5 Nab8 22. Nd2 1-0

[Event "Niederoesterreich Landesliga 0910"]
[Site "Austria"]
[Date "2010.01.24"]
[Round "8"]
[White "Heimberger, Reinhard"]
[Black "Todor, Razvan"]
[Result "1-0"]
[WhiteElo "2223"]
[BlackElo "2167"]
[PlyCount "75"]
[EventDate "2009.09.06"]
[EventType "team-tourn"]
[EventRounds "11"]
[EventCountry "AUT"]
[SourceTitle "EXT 2022"]
[Source "ChessBase"]
[SourceDate "2021.10.06"]
[SourceVersion "1"]
[SourceVersionDate "2021.10.06"]
[SourceQuality "1"]

1. c4 e5 2. Nc3 Nf6 3. e4 Bc5 4. d3 h6 5. g3 d6 6. Bg2 c6 7. Nf3 Be6 8. 0-0 a5 9. b3 0-0 10. d4 Bb4 11. Qc2 Nbd7 12. Bb2 Bg4 13. Ne2 exd4 14. Nexd4 Re8 15. Nh4 Nf8 16. h3 Bh5 17. g4 Bg6 18. Ndf5 h5 19. Nxg7 hxg4 20. Nxe8 Nxe8 21. Nf5 gxh3 22. Bxh3 Qg5+ 23. Ng3 Ne6 24. Bxe6 fxe6 25. Kg2 d5 26. f4 Qg4 27. f5 exf5 28. exf5 Bf7 29. Rh1 Ng7 30. Bxg7 Kxg7 31. f6+ Kxf6 32. Raf1+ Ke7 33. Rh7 Rf8 34. cxd5 Bd6 35. Qe4+ Qxe4+ 36. Nxe4 Be5 37. d6+ Ke6 38. Ng5+ 1-0